All Monopoly Spaces (British Edition) - Statistics

General Stats
  • This quiz has been taken 51 times
  • The average score is 26 of 40
Answer Stats
Colour Price Space % Correct
Other N/A Chance
92%
Other N/A Chance
92%
Other N/A Chance
92%
Other N/A Jail/Just Visiting
92%
Other £200 (received) Go
90%
Blue £400 Mayfair
90%
Other N/A Community Chest
85%
Other N/A Community Chest
85%
Other N/A Community Chest
85%
Station £200 King's Cross
82%
Brown £60 Old Kent Road
82%
Utility £150 Water Works
74%
Green £320 Bond Street
72%
Station £200 Liverpool Street
72%
Blue £350 Park Lane
72%
Red £240 Trafalgar Square
72%
Other N/A Free Parking
69%
Green £300 Oxford Street
69%
Purple £140 Pall Mall
69%
Yellow £280 Piccadilly
69%
Station £200 Fenchurch Street
67%
Green £300 Regent Street
67%
Utility £150 Electric Company
62%
Tax £200 (to pay) Income Tax
62%
Station £200 Marylebone
62%
Red £220 Strand
59%
Turquoise £100 The Angel, Islington
59%
Red £220 Fleet Street
56%
Other N/A Go To Jail
54%
Yellow £260 Leicester Square
51%
Brown £60 Whitechapel Road
51%
Yellow £260 Coventry Street
49%
Tax £100 (to pay) Super Tax
49%
Orange £180 Vine Street
49%
Turquoise £100 Euston Road
44%
Purple £160 Northumberland Avenue
41%
Purple £140 Whitehall
41%
Orange £180 Bow Street
38%
Turquoise £120 Pentonville Road
36%
Orange £180 Marlborough Street
28%
No matching quizzes found
Score Distribution
Percent of People with Each Score
Percentile by Number Answered
Your Score History
You have not taken this quiz